MDQL
is popping MORE tags! Check the
thread
!
Quizzes
Events
Quiz Creation
Community
Videos
Private Events
Remove Ads
Sign In
Join for FREE
Feedback
Dark Mode
Quiz Categories
Sports
Geography
Music
Movies
Television
Just For Fun
Miscellaneous
History
Literature
Language
Science
Gaming
Entertainment
Religion
Holiday
For Kids
Quiz Lab
Recent
Popular Today
Quiz Kudos Today
Editor Picks
Curator Picks
Quizzes by...
Day
Popularity
Type
Ratings
Length
Year
Community
Subscriptions
Recent Discussions
Orange Saloon
Badges
Playlists
Quests
Create
Leaderboards
Showdown
Live 5
Trivia Bingo
Activity
Puzzle Library
Sporcle Events
Private Events
Virtual Trivia
Globe League
Become a Host
Pub Owners
SporcleCon
Opinionation
Our Games
Videos
Blog
Mobile Apps
Partnerships
Remove Ads and Go Orange
Feedback
Sports
Athletes
MLB
NBA
NHL
NFL
Soccer
Sports Teams
WWE
NCAA
Football
Premier League
Basketball
Baseball
Hockey
Golf
Tennis
Cricket
Rugby
Auto Racing
Olympics
World Cup
Sports
Athletes
MLB
NBA
NHL
NFL
Soccer
Sports Teams
WWE
NCAA
Football
Premier League
Basketball
Baseball
Hockey
Golf
Tennis
Cricket
Rugby
Auto Racing
Olympics
World Cup
Random Quiz
Search Sporcle
×
Quiz Lab
Quiz Lab
Sports
NHL
Type in answers that appear in a list
Type in answers that appear in a list
Classic
Best Score? Go Orange.
Pre-Original Six NHL teams Stats
Can you name the Pre-Original Six NHL teams (not including the Original Six)?
By
npr
5m
9 Questions
140 Plays
140 Plays
140 Plays
Comments
Comments
Give Quiz Kudos
Give Quiz Kudos
-
- Ratings
hide this ad
Replay
Link that replays current quiz
Next Quiz
Link to next quiz in quiz playlist
You Got
0%
They Got
Avg Score
58%
Avg Friend Score
Upgrade to see
Score Distribution
Jump to the score distribution portion of the page
Score
0/9
Timer
05:00
0
Plays Today
Years existed
Team
% Correct
1924–1938
Montreal Maroons
90%
1917–1934
Ottawa Senators
76.4%
1925–1942
New York Americans
71.4%
1919–1920
Quebec Bulldogs
55.7%
1925–1930
Pittsburgh Pirates
50.7%
1920–1925
Hamilton Tigers
50%
1917–1918
Montreal Wanderers
47.9%
1930–1931
Philadelphia Quakers
46.4%
1934–1935
St. Louis Eagles
37.1%
Quiz Playlist
Details
Report
Send in Message
Add To Playlist
Classic:
Type in answers that appear in a list
Quiz Source
Last Updated: May 12, 2017
Quiz Scoreboard
CHALLENGE
Sign Up to Join the Scoreboard
Show All
Scores
Hide
Comments
May contain spoilers
Recently Published
Image Sorting: Flags VI
by Barbecue
Geography
2m
Find the 'City' Movie
by crazypaving
Movies
60s
5x2 Blitz: Bands
by SL_Kpop136
Music
30s
More to Explore
Quiz From the Vault
Featured Blog Post
14 Easter Pick-up Lines to Find Eggs With
hide this ad
You Might Also Like...
Tags
NHL Quiz
Existed
original
Six
team
Today's Top Quizzes in Sports
Browse Sports
hide this ad
Today's Top Quizzes in NHL
Browse NHL
Top Contributed Quizzes in Sports
1
Les meilleurs buteurs des matchs entre le PSG et l’OM
2
Les entraîneurs de l'OM et du PSG au 21e siècle
3
Les joueurs passés par le PSG et l'OM
4
2022 World Cup Stars
5
Players with Multiple 50 Home Run Seasons
6
Criteria MLB: Left Handed Sluggers
7
MLB Players with Two .350 Batting Average Seasons
8
Les joueurs passés par le LOSC et le RC Lens
9
NBA Logic Puzzle 2.0
10
Top 10 NHL Goal Scorers of All Time
Explore More
Trending Topics
NBA
Disney
Kpop
Marvel
Crossword
Harry Potter
Anime
Pokémon
WWE
NFL
Song
The Office
Country
Puzzle
Soccer
hide this ad
More By:
npr
Quiz
Plays
Rating
Category
Featured
Created
Most Common World Series Matchups
3,022
4.73
Sports
Nov 20, 2009
Championships with Yanks and Mets
1,060
3.25
Sports
May 21, 2010
Sports Teams with Animal Nicknames
825
4.00
Sports
Dec 1, 2009
5-Sport Cities
630
4.14
Sports
May 14, 2010
American #1 NHL Draft Picks
472
5.00
Sports
Mar 13, 2010
Go to Creator's Profile
Score Distribution
Quiz Creator Spotlight
npr
Follow
Send a Message
Quizzes Created
-
Created Quiz Play Count
-
More By This Creator
Popular Quizzes Today
1
Colored Red Africa Blitz
2
Find the US States - No Outlines Minefield
3
Find the 'City' Movie
4
5x2 Blitz: Bands
5
The Countries of the World
6
Find the US States
7
Find the Countries of Europe - No Outlines Minefield
8
US States
More Sports Quizzes
Most Appearances for Somerset in T20 Cricket
Quiz Lab
Trending Quizzes
Colored Red Europe Blitz I
Colored Red Europe Blitz II
Colored Red Africa Blitz II
Colored Red Europe Blitz III
Colored Red Africa Blitz III
Recently Updated
How Do You Spell That?
pecheneg
Godzilla Movies
pecheneg
Grab Bag: 4-10 Letters
pecheneg
2024 March Madness Bracket
pecheneg
Famous TV Couples
Peacemaker
Champions League XIs: Real Madrid
pecheneg
Largest US Cities 1790-2010
pecheneg
Rides in Walt Disney World
pecheneg
Most Oscar Losses (Acting)
pecheneg
Beyoncé Albums
pecheneg
Trending Topics
Kpop
Harry Potter
Crossword
NBA
Disney
Marvel
Anime
Song
NFL
Puzzle
Pokémon
WWE
Country
Soccer
The Office
Your Account Isn't Verified!
In order to create a playlist on Sporcle, you need to verify the email address you used during registration. Go to your
Sporcle Settings
to finish the process.
Report this User
Report this user for behavior that violates our
Community Guidelines
.
Details:
Send Report
Go to the Sporcle.com Mobile Site →
Comments